Szczegóły MARC21

Kultura, literatura, język - pogranicza komparatystyki : prace ofiarowane Profesorowi Lechowi Kolago w 70. rocznicę urodzin = Kultur, Literatur, Sprache - Gebiete der Komparatistik : Festschrift für Herrn Professor Lech Kolago zum 70. Geburtstag. Bd. 2 /

003 -Nazwa inst., której nr kontr. jest w polu 001 [,]
    • @
    • Nazwa instytucji, której n kontrolny jest w polu 001
    • NUKAT
005 -DATA I CZAS OSTATNIEJ MODYFIKACJI [,]
    • @
    • pole kontrolne
    • 20241231103202.0
020 -Międzynarod. znormalizowany nr książki - ISBN [ , ]
    • a
    • Numer ISBN
    • 9788389919762 Find
040 -Instytucja sporządzająca opis [ , ]
    • a
    • Instytucja, która sporządziła opis (NP)
    • WA U/70AO
    • c
    • Instytucja, która sporządziła rekord (NP)
    • WA U/AO
    • d
    • Instytucja, która zmodyfikowała rekord (P)
    • WA U/AO
    • d
    • Instytucja, która zmodyfikowała rekord (P)
    • WA U/JSs
    • d
    • Instytucja, która zmodyfikowała rekord (P)
    • WR O/KPK
041 -Język dokumentu [0, ]
    • a
    • Język tekstu (P)
    • polski
    • a
    • Język tekstu (P)
    • niemiecki
    • b
    • Język streszczeń lub abstraktu (P)
    • niemiecki
    • b
    • Język streszczeń lub abstraktu (P)
    • francuski
942 -Rodzaj dokumentu [ , ]
    • c
    • Rodzaj dokumentu
    • Książka
245 -Strefa tytułu i oznaczenia odpowiedzialności [0,0]
    • a
    • Tytuł
    • Kultura, literatura, język - pogranicza komparatystyki : Find
    • b
    • Ciąg dalszy tytułu (NP)
    • prace ofiarowane Profesorowi Lechowi Kolago w 70. rocznicę urodzin = Kultur, Literatur, Sprache - Gebiete der Komparatistik : Festschrift für Herrn Professor Lech Kolago zum 70. Geburtstag. Find
    • n
    • Oznaczenie części (P)
    • Bd. 2 /
    • c
    • Pozostałe elementy strefy tytułu i oznaczenia odpowiedzialności (NP)
    • pod red. Katarzyny Grzywki, we współpr. z Małgorzatą Filipowicz [et al.].
246 -Wariant tytułu [3,1]
    • a
    • Tytuł (NP)
    • Kultur, Literatur, Sprache - Gebiete der Komparatistik : Festschrift für Herrn Professor Lech Kolago zum 70. Geburtstag
260 -Strefa adresu wydawniczego [ , ]
    • a
    • Miejsce wydania (P)
    • Warszawa :
    • b
    • Nazwa wydawcy (P)
    • Instytut Germanistyki UW,
    • c
    • Data wydania (P)
    • 2012.
300 -Strefa opisu fizycznego [ , ]
    • a
    • Określenie formy książki i/lub objętość (NP)
    • S. [837]-1664 :
    • b
    • Oznaczenie ilustracji (NP)
    • il. ;
    • c
    • Format (NP)
    • 25 cm.
336 -Typ zawartości [ , ]
    • a
    • Termin opisujący typ zawartości
    • Tekst
    • b
    • Kod określający zawartość
    • txt
    • 2
    • Źródło (terminu i kodu)
    • rdacontent
337 -Typ mediów [ , ]
    • a
    • Tryb odtwarzania
    • Bez urządzenia pośredniczącego
    • b
    • Kod typu mediów
    • n
    • 2
    • Źródło (terminu i kodu)
    • rdamedia
338 -Typ/rodzaj nośnika [ , ]
    • a
    • Hasło opisujące typ nośnika
    • Wolumin
    • b
    • Kod typu nośnika
    • nc
    • 2
    • Źródło (terminu i kodu)
    • rdacarrier
500 -Uwaga ogólna [ , ]
    • a
    • Uwaga ogólna (NP)
    • Bd. 1-2 we wspólnym pudełku.
504 -Uwaga dot. bibliogr. załącznikowej [ , ]
    • a
    • Uwaga dot. bibliografii załącznikowej
    • Bibliogr. przy rozdz.
546 -Uwaga dot. języka [ , ]
    • a
    • Uwaga dot. języka
    • Tekst częśc. pol., niem., streszcz. fr., niem.
600 -Hasło przedmiotowe w formie nazwy osobowej [1,7]
    • a
    • Nazwa osobowa
    • Kolago, Lech
    • d
    • Daty związane z nazwą
    • (1942- )
    • v
    • Określnik formalny
    • księgi pamiątkowe.
    • 2
    • Źródło terminu
    • kaba
    • 9
    • KHW
    • 482378
650 -Hasło przedmiotowe [ ,7]
    • a
    • Hasło przedmiotowe
    • Księgi pamiątkowe
    • z
    • Określnik geograficzny
    • Polska
    • z
    • Określnik geograficzny
    • Warszawa
    • y
    • Określnik chronologiczny
    • 1990-.
    • 2
    • Źródło terminu
    • kaba
    • 9
    • KHW
    • 373362
650 -Hasło przedmiotowe [ ,7]
    • a
    • Hasło przedmiotowe
    • Językoznawstwo
    • z
    • Określnik geograficzny
    • Niemcy.
    • 2
    • Źródło terminu
    • kaba
    • 9
    • KHW
    • 449262
650 -Hasło przedmiotowe [ ,7]
    • a
    • Hasło przedmiotowe
    • Języki obce
    • x
    • Określnik rzeczowy
    • studia i nauczanie.
    • 2
    • Źródło terminu
    • kaba
    • 9
    • KHW
    • 113631
650 -Hasło przedmiotowe [ ,7]
    • a
    • Hasło przedmiotowe
    • Muzyka i literatura.
    • 2
    • Źródło terminu
    • kaba
    • 9
    • KHW
    • 120186
650 -Hasło przedmiotowe [ ,7]
    • a
    • Hasło przedmiotowe
    • Tłumaczenie.
    • 2
    • Źródło terminu
    • kaba
    • 9
    • KHW
    • 134191
700 -Hasło dodatkowe - nazwa osobowa [1, ]
    • a
    • Nazwa osobowa (NP)
    • Grzywka-Kolago, Katarzyna Find
    • d
    • Daty biograficzne (NP)
    • (1972- ).
    • e
    • Określenie rodzaju współpracy
    • Red.
    • 9
    • KHW
    • 473086
700 -Hasło dodatkowe - nazwa osobowa [1, ]
    • a
    • Nazwa osobowa (NP)
    • Filipowicz, Małgorzata Find
    • d
    • Daty biograficzne (NP)
    • (1975- ).
    • 9
    • KHW
    • 482451
920 -ISBN [ , ]
    • a
    • ISBN
    • 978-83-89919-76-2 Find
Data inwentaryzacji Sygnatura Lokalizacja Status udost. Numer inwentarzowy
2019-03-11GERM. Opracowania zbiorowe 03BM1G.20098